Antes y después del IVA generalizado (Registro nro. 18222)
[ vista simple ]
| 000 -LEADER | |
|---|---|
| fixed length control field | 00361 a2200121 4500 |
| 001 - CONTROL NUMBER | |
| control field | ART_13087 |
| 005 - DATE AND TIME OF LATEST TRANSACTION | |
| control field | 20260410161735.0 |
| 008 - FIXED-LENGTH DATA ELEMENTS--GENERAL INFORMATION | |
| fixed length control field | 260409a |
| 100 1# - MAIN ENTRY--PERSONAL NAME | |
| Personal name | Yemma, Juan Carlos |
| 245 10 - TITLE STATEMENT | |
| Title | Antes y después del IVA generalizado |
| 700 1# - ADDED ENTRY--PERSONAL NAME | |
| Personal name | Asiain, Jorge |
| 773 0# - HOST ITEM ENTRY | |
| Title | Ejecutivos de finanzas |
| Related parts | - Año 7, Nº 63 (feb./mar. 1990) |
| Record control number | REV2863 |
No hay ítems disponibles.